[Event "ICS rated bullet match"]
[Site "204.178.125.65"]
[Date "2000.06.27"]
[Round "?"]
[White "PostModernist"]
[Black "Hossa"]
[Result "1-0"]
[WhiteElo "2527"]
[BlackElo "2530"]
[PlyCount "127"]
[EventDate "2000.??.??"]

1. d4 e6 2. c4 Nf6 3. Nf3 b6 4. g3 Bb4+ 5. Bd2 Nc6 6. Bxb4 Nxb4 7. Bg2 Bb7 8.
O-O O-O 9. a3 Nc6 10. Qd3 Ng4 11. h3 Nf6 12. Nc3 d6 13. b4 e5 14. dxe5 Nxe5 15.
Nxe5 Bxg2 16. Nxf7 Rxf7 17. Kxg2 Qf8 18. b5 Nd7 19. Kh1 Re8 20. Ne4 Qe7 21. f3
Ne5 22. Qd5 Ref8 23. f4 Nd7 24. Ng5 Qxe2 25. Nxf7 Nf6 26. Nh6+ Kh8 27. Qc6 gxh6
28. Rae1 Qd3 29. Rf3 Qd2 30. Re7 Qc1+ 31. Kg2 Qc2+ 32. Rf2 Qb3 33. Qxc7 Qxa3
34. Qxa7 Qd3 35. Rf7 Qe4+ 36. Kh2 Ra8 37. Qxb6 Qe6 38. Qb7 Re8 39. Rg2 Kg8 40.
Rg7+ Kh8 41. Qf7 Qxf7 42. Rxf7 Ne4 43. Ra2 Nc3 44. Raa7 Re2+ 45. Kg1 Kg8 46.
Rg7+ Kf8 47. Raf7+ Ke8 48. Rb7 Kf8 49. Rxh7 Kg8 50. Rxh6 Ne4 51. Re6 Kf8 52.
Rbe7 d5 53. cxd5 Re3 54. Rxe4 Rxg3+ 55. Kh2 Rb3 56. d6 Rxb5 57. d7 Rd5 58. f5
Rd2+ 59. Kg3 Rd5 60. Kf4 Rd2 61. Kg5 Rg2+ 62. Kf6 Rg6+ 63. Kxg6 Kg8 64. d8=Q# {
Hossa checkmated} 1-0

[Event "ICS rated bullet match"]
[Site "204.178.125.65"]
[Date "2000.06.27"]
[Round "?"]
[White "Hossa"]
[Black "Prozac"]
[Result "1-0"]
[WhiteElo "2514"]
[BlackElo "2163"]
[PlyCount "77"]
[EventDate "2000.??.??"]

1. d4 Nf6 2. Nc3 d6 3. Nf3 Nbd7 4. e4 e5 5. dxe5 dxe5 6. Bd3 Bc5 7. O-O O-O 8.
Bg5 Re8 9. Qd2 c6 10. Rad1 Qc7 11. a3 a6 12. Bh4 Nf8 13. Bxf6 gxf6 14. Qh6 Ng6
15. Bc4 Bg4 16. Be2 Bxf3 17. Bxf3 Rad8 18. Rxd8 Rxd8 19. Rd1 Rxd1+ 20. Nxd1 Qd6
21. b4 Bd4 22. c3 Bb6 23. c4 a5 24. c5 Bxc5 25. bxc5 Qxc5 26. Qe3 Qc2 27. Qc3
Qa2 28. Qxa5 Nf4 29. Qa8+ Kg7 30. Qxb7 Qxa3 31. Qxc6 Qa1 32. Qd7 Ne6 33. Bh5
Nd4 34. Qxf7+ Kh6 35. Bg4 Kg5 36. h3 Kf4 37. g3+ Kxe4 38. Qc4 f5 39. f3# {
Prozac checkmated} 1-0

[Event "ICS rated bullet match"]
[Site "204.178.125.65"]
[Date "2000.06.27"]
[Round "?"]
[White "harimau"]
[Black "Hossa"]
[Result "1-0"]
[WhiteElo "2845"]
[BlackElo "2518"]
[PlyCount "81"]
[EventDate "2000.??.??"]

1. e4 e5 2. Nc3 Nc6 3. Bc4 Nf6 4. d3 Na5 5. Nge2 Nxc4 6. dxc4 Be7 7. Qd3 O-O 8.
O-O c6 9. Ng3 d6 10. Be3 Ng4 11. Bc1 Be6 12. h3 Nf6 13. Bg5 Qc7 14. Nf5 Bxf5
15. exf5 Rad8 16. Rad1 Qc8 17. Ne4 Nxe4 18. Bxe7 Nc5 19. Qa3 Qb8 20. f6 g5 21.
Bxf8 Rxf8 22. Qe3 Ne6 23. c5 d5 24. Rfe1 e4 25. c4 Nf4 26. cxd5 cxd5 27. g3
Nxh3+ 28. Kg2 Qc8 29. Rh1 Qg4 30. Rxh3 Rd8 31. Rdh1 Qf5 32. Rxh7 Qxf6 33. Rh8+
Kg7 34. R1h7+ Kg6 35. Rh6+ Kg7 36. Rxf6 Kxf6 37. Rh6+ Kf5 38. Qd4 Rd6 39. cxd6
Kg4 40. f3+ Kf5 41. Qxd5# {Hossa checkmated} 1-0

[Event "ICS rated standard match"]
[Site "204.178.125.65"]
[Date "2000.06.27"]
[Round "?"]
[White "QueenMaxima"]
[Black "Hossa"]
[Result "1-0"]
[WhiteElo "2344"]
[BlackElo "2297"]
[PlyCount "97"]
[EventDate "2000.??.??"]

1. e4 Nc6 2. Nf3 g6 3. d4 Bg7 4. Nc3 e6 5. Be2 Nge7 6. O-O O-O 7. Bg5 f6 8. Bf4
g5 9. Bg3 g4 10. Nh4 f5 11. exf5 exf5 12. d5 f4 13. dxc6 fxg3 14. cxb7 gxh2+
15. Kxh2 Bxb7 16. Bxg4 Bxc3 17. bxc3 Nd5 18. g3 Bc6 19. Qd4 Nf6 20. Bf5 Qe7 21.
Rfe1 Qf7 22. g4 Nd5 23. Re5 Rae8 24. Rae1 Rxe5 25. Rxe5 Ne7 26. f4 Ng6 27. Bxg6
hxg6 28. Nxg6 Qxg6 29. Rg5 Qxg5 30. fxg5 a6 31. Qa7 Rf4 32. Qxc7 Rxg4 33. Qd8+
Kh7 34. Qf6 Rg2+ 35. Kh3 Rg1 36. Qf7+ Kh8 37. g6 Rh1+ 38. Kg4 Rg1+ 39. Kh5 Rh1+
40. Kg5 Rg1+ 41. Kf6 Rf1+ 42. Ke7 Rxf7+ 43. gxf7 Kg7 44. f8=Q+ Kg6 45. Qf6+ Kh5
46. Qf4 Kg6 47. Qg4+ Kh7 48. Kf6 a5 49. Qg7# {Hossa checkmated} 1-0

[Event "ICS Rated standard match"]
[Site "204.178.125.65"]
[Date "2000.06.28"]
[Round "?"]
[White "PostModernist"]
[Black "Hossa"]
[Result "1-0"]
[WhiteElo "2381"]
[BlackElo "2283"]
[PlyCount "131"]
[EventDate "2000.??.??"]

1. e4 Nc6 2. d4 e5 3. dxe5 Nxe5 4. f4 Nc6 5. Be3 Nf6 6. e5 Ne4 7. Qd5 f5 8. Nd2
Nb4 9. Qb3 Qh4+ 10. Kd1 Ng3 11. Ngf3 Qh6 12. Rg1 Nxf1 13. Nxf1 Qe6 14. Nd4 Qxb3
15. axb3 Nd5 16. Nxf5 g6 17. N5g3 Bh6 18. Ne2 O-O 19. g3 d6 20. exd6 Rd8 21.
Ke1 Nxe3 22. Nxe3 Rxd6 23. Nc3 Bg7 24. Ke2 Bd7 25. Rgd1 Re8 26. Rxd6 cxd6 27.
Kd3 a6 28. Ra2 h6 29. Ncd5 Kh7 30. g4 Rd8 31. c4 Re8 32. b4 Bc6 33. b3 Rf8 34.
Rf2 Be5 35. h4 Rf7 36. Rf1 Bb2 37. f5 gxf5 38. gxf5 Be5 39. h5 Bd7 40. Ke4 Rf8
41. Ne7 Bf6 42. N3d5 Bg5 43. c5 Rd8 44. f6 Bh3 45. Rf2 Be6 46. cxd6 Bf7 47. Ke5
Bxh5 48. Rc2 Bf7 49. Rc8 Rd7 50. Rf8 Bh5 51. Nf5 Bg6 52. Nde7 Bh5 53. Ke6 Bf4
54. f7 Rxd6+ 55. Nxd6 Bg4+ 56. Ndf5 Bxf5+ 57. Nxf5 Bd2 58. Rh8+ Kg6 59. Rg8+
Kh5 60. f8=Q Bg5 61. Qf7+ Kg4 62. Nxh6+ Kh4 63. Qf2+ Kh5 64. Qe2+ Kxh6 65. Qh2+
Bh4 66. Qxh4# {Hossa checkmated} 1-0

[Event "ICS rated standard match"]
[Site "204.178.125.65"]
[Date "2000.06.28"]
[Round "?"]
[White "Hossa"]
[Black "QueenMaxima"]
[Result "1-0"]
[WhiteElo "2271"]
[BlackElo "2361"]
[PlyCount "151"]
[EventDate "2000.??.??"]

1. d4 Nf6 2. Nc3 d5 3. Qd3 Nc6 4. Nf3 a6 5. Bg5 Nb4 6. Qd2 Bf5 7. Rc1 e6 8. g3
Be7 9. a3 Nc6 10. Bg2 h6 11. Bxf6 Bxf6 12. O-O O-O 13. Qf4 Qd6 14. Qxd6 cxd6
15. e3 Rac8 16. Rfe1 Na5 17. Nd2 b5 18. Bf1 Nc4 19. Nxc4 bxc4 20. b4 Rb8 21.
Be2 Rfe8 22. Kg2 Bg6 23. Rg1 Kh8 24. Bg4 Re7 25. Rh1 Reb7 26. f4 Bh7 27. Rhf1
Re7 28. Bh3 Ree8 29. f5 Bg5 30. Rce1 h5 31. fxe6 fxe6 32. Rf2 h4 33. Bg4 hxg3
34. hxg3 Bh6 35. Rfe2 Rbd8 36. a4 Bg5 37. b5 axb5 38. Nxb5 Re7 39. a5 Ra8 40.
Ra1 Ra6 41. Kf2 e5 42. Bf3 e4 43. Bg4 g6 44. Kg2 Bg8 45. Bc8 Ra8 46. Nxd6 Rh7
47. a6 Be7 48. Bb7 Rd8 49. Nc8 Be6 50. a7 Bxc8 51. a8=Q Bg4 52. Rf2 Bf3+ 53.
Rxf3 exf3+ 54. Kxf3 Rf7+ 55. Kg4 Rxa8 56. Rxa8+ Rf8 57. Ra7 Rd8 58. Bxd5 Bc5
59. Ra5 Bb4 60. Ra4 Bd2 61. e4 c3 62. Be6 Rf8 63. e5 Be3 64. d5 Bh6 65. d6 Bg7
66. Re4 Bh6 67. d7 Kg7 68. Bd5 Bg5 69. Kxg5 Rh8 70. Rh4 Rf8 71. Rf4 Rb8 72.
Rf7+ Kh8 73. Kxg6 Rg8+ 74. Kh6 Rg6+ 75. Kxg6 Kg8 76. d8=Q# 1-0

[Event "ICS rated bullet match"]
[Site "204.178.125.65"]
[Date "2000.06.28"]
[Round "?"]
[White "Hossa"]
[Black "Cereal-Killer"]
[Result "1-0"]
[WhiteElo "2514"]
[BlackElo "1919"]
[PlyCount "53"]
[EventDate "2000.??.??"]

1. d4 e6 2. c4 d5 3. Nc3 dxc4 4. e3 Nf6 5. Bxc4 Be7 6. Nf3 b6 7. O-O Bb7 8. Re1
O-O 9. e4 Nbd7 10. Bf4 a5 11. Qc2 Nh5 12. Be3 h6 13. Red1 Nhf6 14. Rf1 e5 15.
dxe5 Nh7 16. e6 fxe6 17. Bxe6+ Kh8 18. Rad1 Bc6 19. Ne5 Qe8 20. Nxc6 Ndf6 21.
Nxe7 Qxe7 22. Bf5 Nh5 23. Nd5 Rxf5 24. Nxe7 Re5 25. Ng6+ Kg8 26. Qc4+ Re6 27.
Qxe6# 1-0

[Event "ICS rated bullet match"]
[Site "204.178.125.65"]
[Date "2000.06.28"]
[Round "?"]
[White "Missile14b"]
[Black "Hossa"]
[Result "0-1"]
[WhiteElo "1834"]
[BlackElo "2515"]
[PlyCount "62"]
[EventDate "2000.??.??"]

1. d4 Nf6 2. c3 e6 3. Nf3 d5 4. Bf4 Bd6 5. Bg5 Nbd7 6. e3 O-O 7. Bd3 e5 8. dxe5
Nxe5 9. Nxe5 Bxe5 10. Nd2 h6 11. Bh4 g5 12. Nf3 Bd6 13. Nxg5 hxg5 14. Bxg5 c5
15. h4 Be5 16. h5 Qb6 17. h6 Qxb2 18. Kf1 Bxc3 19. h7+ Kh8 20. Bxf6+ Bxf6 21.
Qh5 Qxa1+ 22. Ke2 Bg4+ 23. Qxg4 Qxh1 24. Bf5 Bc3 25. f4 Qe1+ 26. Kf3 Rfe8 27.
e4 dxe4+ 28. Bxe4 Qxe4+ 29. Kg3 Qd3+ 30. Kh4 Bf6+ 31. Kh5 Qxh7# 0-1

[Event "ICS rated bullet match"]
[Site "204.178.125.65"]
[Date "2000.06.28"]
[Round "?"]
[White "Hossa"]
[Black "Baffler"]
[Result "1-0"]
[WhiteElo "2516"]
[BlackElo "1880"]
[PlyCount "21"]
[EventDate "2000.??.??"]

1. d4 c5 2. d5 d6 3. e4 e5 4. dxe6 Bxe6 5. Nc3 Nf6 6. Nf3 Be7 7. Bb5+ Nc6 8.
O-O a6 9. Bxc6+ bxc6 10. e5 O-O 11. exf6 {Baffler resigns} 1-0

[Event "ICS rated standard match"]
[Site "204.178.125.65"]
[Date "2000.06.28"]
[Round "?"]
[White "Hossa"]
[Black "PostModernist"]
[Result "0-1"]
[WhiteElo "2291"]
[BlackElo "2393"]
[PlyCount "142"]
[EventDate "2000.??.??"]

1. d4 Nf6 2. Nc3 d5 3. Qd3 e6 4. Bg5 Nbd7 5. O-O-O Bb4 6. Nf3 O-O 7. Kb1 c5 8.
e3 Qa5 9. Nxd5 exd5 10. a3 Ne4 11. axb4 Qxb4 12. c3 Qb3 13. c4 Nc3+ 14. Qxc3
Qxd1+ 15. Qc1 Qxc1+ 16. Kxc1 dxc4 17. Bxc4 Nb6 18. Bb5 c4 19. Nd2 Be6 20. Be7
a6 21. Bxf8 axb5 22. Ba3 b4 23. Bxb4 Ra1+ 24. Nb1 Nd5 25. Bd6 Bf5 26. Kd2 Bxb1
27. Rc1 b5 28. h3 f6 29. h4 h5 30. e4 c3+ 31. bxc3 Ra2+ 32. Ke1 Bxe4 33. Kf1
Ra4 34. Ke2 Bxg2 35. Kd3 Rc4 36. Bc5 Nf4+ 37. Kd2 Ng6 38. Rb1 Bc6 39. Ra1 Ra4
40. Rxa4 bxa4 41. c4 Bf3 42. Kc3 Nxh4 43. d5 Nf5 44. Kb4 h4 45. Bb6 Bd1 46. Bc7
Kf7 47. Bh2 h3 48. Bf4 g5 49. Bb8 g4 50. Bh2 Ne7 51. Bg3 Ke8 52. Bh2 Ng6 53. c5
Ne7 54. d6 Nd5+ 55. Ka3 Kd7 56. Kb2 Nb4 57. Kc1 a3 58. Kxd1 a2 59. Kd2 a1=Q 60.
c6+ Kxc6 61. f3 Qb2+ 62. Ke3 Qb3+ 63. Ke2 Qxf3+ 64. Ke1 Qe4+ 65. Kf2 Nd3+ 66.
Kg3 Qf4+ 67. Kh4 g3+ 68. Kxh3 Nf2+ 69. Kg2 gxh2 70. Kf1 h1=Q+ 71. Ke2 Qd1# {
Hossa checkmated} 0-1

[Event "ICS rated blitz match"]
[Site "204.178.125.65"]
[Date "2000.06.28"]
[Round "?"]
[White "Hossa"]
[Black "Amateur"]
[Result "0-1"]
[WhiteElo "2427"]
[BlackElo "2582"]
[PlyCount "182"]
[EventDate "2000.??.??"]

1. d4 Nf6 2. Bg5 Ne4 3. Bc1 d5 4. Nf3 Bf5 5. Bf4 e6 6. e3 Bd6 7. c3 Bxf4 8.
exf4 O-O 9. Bd3 Nc6 10. O-O Ne7 11. Na3 Ng6 12. Qc1 Ng3 13. fxg3 Bxd3 14. Re1
Bf5 15. Qd2 Qe7 16. Qf2 Qd6 17. Nc2 Qb6 18. Ne3 Be4 19. Nc4 Qb5 20. Nce5 Nxe5
21. Nxe5 Rad8 22. c4 Qa5 23. Re3 f6 24. Nf3 Qb6 25. c5 Qb5 26. Rb3 Qc6 27. Ra3
Ra8 28. Nd2 e5 29. Re1 exd4 30. Nxe4 dxe4 31. Qxd4 f5 32. g4 Rae8 33. Rxa7 fxg4
34. g3 Rf7 35. b4 b5 36. cxb6 Qxb6 37. Qxb6 cxb6 38. Rxf7 Kxf7 39. a4 Ra8 40.
Rxe4 Rxa4 41. Kf2 g6 42. Kf1 Kf6 43. Rd4 Ke6 44. Ke2 b5 45. Kf2 Ra2+ 46. Kg1
Rb2 47. Kh1 Rb3 48. Kg2 Rc3 49. Kf1 Rc1+ 50. Kf2 Rc2+ 51. Kg1 Ra2 52. Rd8 Ra4
53. Rd4 Ra1+ 54. Kg2 Rb1 55. h4 Rb2+ 56. Kf1 h5 57. Kg1 Rb1+ 58. Kf2 Rb2+ 59.
Kf1 Rb3 60. Kg2 Re3 61. Kf2 Rc3 62. Rd2 Rc4 63. Re2+ Kf6 64. Rb2 Kf5 65. Rb3
Ke4 66. Ke1 Rc2 67. Kd1 Rf2 68. Rc3 Rf3 69. Rc5 Rxg3 70. Rxb5 Rh3 71. Rg5 Rxh4
72. Rxg6 Rh1+ 73. Kc2 Kxf4 74. b5 Re1 75. Rh6 g3 76. Rg6 h4 77. b6 Re7 78. Kd3
h3 79. Rf6+ Kg5 80. Rf3 g2 81. Rg3+ Kf4 82. Rxh3 g1=Q 83. Rh4+ Kg3 84. Rh8 Rd7+
85. Kc4 Qd4+ 86. Kb5 Qxh8 87. Kc6 Qc8+ 88. Kb5 Qc3 89. b7 Rxb7+ 90. Ka6 Qc6+
91. Ka5 Qb5# {Hossa checkmated} 0-1

[Event "ICS Rated standard match"]
[Site "204.178.125.65"]
[Date "2000.06.28"]
[Round "?"]
[White "Hossa"]
[Black "CptCheck"]
[Result "0-1"]
[WhiteElo "2280"]
[BlackElo "2142"]
[PlyCount "96"]
[EventDate "2000.??.??"]

1. d4 Nf6 2. c4 g6 3. Nc3 d5 4. cxd5 Nxd5 5. e4 Nxc3 6. bxc3 c5 7. Bc4 Bg7 8.
Ne2 Nc6 9. d5 Ne5 10. Bb5+ Bd7 11. Bxd7+ Qxd7 12. Bf4 O-O 13. Bxe5 Bxe5 14. O-O
f5 15. Qc2 b5 16. Rab1 Rad8 17. f3 fxe4 18. fxe4 Rxf1+ 19. Rxf1 e6 20. dxe6
Qxe6 21. a4 a6 22. axb5 axb5 23. Rd1 Re8 24. Rd3 Qc4 25. Rf3 Rd8 26. g3 b4 27.
Kf2 Rb8 28. Qd3 Qxd3 29. Rxd3 b3 30. Rd1 c4 31. Ke3 Kf7 32. Ra1 Rd8 33. Nd4
Bxd4+ 34. cxd4 c3 35. Rf1+ Ke8 36. Ke2 Rxd4 37. Rd1 Rxd1 38. Kxd1 Ke7 39. e5
Ke6 40. Ke2 Kxe5 41. Kd3 c2 42. Kc3 Ke4 43. Kxb3 c1=Q 44. Kb4 Kd5 45. Kb3 Kd4
46. h3 Qb1+ 47. Ka3 Kc4 48. h4 Qb3# {Hossa checkmated} 0-1

[Event "ICS rated bullet match"]
[Site "204.178.125.65"]
[Date "2000.06.28"]
[Round "?"]
[White "jo"]
[Black "Hossa"]
[Result "1/2-1/2"]
[WhiteElo "2162"]
[BlackElo "2517"]
[PlyCount "105"]
[EventDate "2000.??.??"]

1. e4 d5 2. d3 dxe4 3. dxe4 Qxd1+ 4. Kxd1 Nc6 5. Bd3 Bg4+ 6. f3 Bd7 7. Ne2
O-O-O 8. Be3 Nf6 9. a3 Ne5 10. Nbc3 Kb8 11. Nc1 Be6 12. Ke2 Nc4 13. Bxc4 Bxc4+
14. Kf2 e5 15. N1e2 Be7 16. Rhd1 Rxd1 17. Rxd1 Bd6 18. Rd2 g6 19. Rd1 h5 20.
Rd2 h4 21. Rd1 h3 22. g3 b6 23. Rd2 Kb7 24. Rd1 Rd8 25. Rd2 a6 26. Rd1 Ka7 27.
Rd2 Be6 28. Rd1 c6 29. Rd2 Kb7 30. Rd1 Rd7 31. Rd2 Kc8 32. Na4 Bc7 33. Rxd7
Nxd7 34. Nac3 Bd8 35. Ng1 f5 36. exf5 Bxf5 37. Ne4 Be7 38. g4 Bh4+ 39. Ke2 Bxe4
40. fxe4 Bg3 41. Nxh3 Bxh2 42. Ng5 Kc7 43. Nf7 Nf8 44. Kf3 Ne6 45. c3 Bf4 46.
Bxf4 exf4 47. e5 g5 48. Ke4 Nc5+ 49. Kf3 Ne6 50. Ke4 Nc5+ 51. Kf3 Ne6 52. Ke4
Nc5+ 53. Kf3 1/2-1/2

[Event "ICS rated bullet match"]
[Site "204.178.125.65"]
[Date "2000.06.28"]
[Round "?"]
[White "Escipio"]
[Black "Hossa"]
[Result "0-1"]
[WhiteElo "1349"]
[BlackElo "2509"]
[PlyCount "66"]
[EventDate "2000.??.??"]

1. e4 d5 2. e5 Nc6 3. d4 Bf5 4. Nf3 e6 5. Bd3 Bxd3 6. Qxd3 Qd7 7. O-O O-O-O 8.
c4 dxc4 9. Qxc4 Nxd4 10. Nxd4 Qxd4 11. Qxd4 Rxd4 12. Be3 Re4 13. Bxa7 b6 14.
Nc3 Rxe5 15. Rad1 Ra5 16. Nb5 Rxb5 17. a4 Rxb2 18. Rc1 Bd6 19. Bxb6 Rxb6 20.
Rfd1 Ne7 21. Rb1 Rxb1 22. Rxb1 Nc6 23. a5 Nxa5 24. Ra1 Bb4 25. Rb1 Rd8 26. g3
c5 27. Kg2 Kd7 28. Kf3 Nc6 29. Ke4 Ke7 30. f4 Rd2 31. f5 Rxh2 32. fxe6 fxe6 33.
Re1 Bxe1 {Escipio resigns} 0-1

[Event "ICS rated bullet match"]
[Site "204.178.125.65"]
[Date "2000.06.28"]
[Round "?"]
[White "Escipio"]
[Black "Hossa"]
[Result "0-1"]
[WhiteElo "1349"]
[BlackElo "2509"]
[PlyCount "26"]
[EventDate "2000.??.??"]

1. e4 d5 2. e5 Nc6 3. d4 Bf5 4. Nf3 e6 5. Bd3 Bxd3 6. Qxd3 Qd7 7. c4 dxc4 8.
Qxc4 O-O-O 9. O-O Nxd4 10. Nxd4 Qxd4 11. Qb3 Qxe5 12. Be3 Bd6 13. Bxa7 Qxh2# {
Escipio checkmated} 0-1

[Event "ICS rated bullet match"]
[Site "204.178.125.65"]
[Date "2000.06.28"]
[Round "?"]
[White "Hossa"]
[Black "Escipio"]
[Result "1-0"]
[WhiteElo "2509"]
[BlackElo "1349"]
[PlyCount "41"]
[EventDate "2000.??.??"]

1. d4 d5 2. c4 e6 3. Nc3 Nf6 4. Nf3 Nc6 5. cxd5 exd5 6. Bf4 Be7 7. g3 O-O 8.
Bg2 a6 9. O-O Bf5 10. Ne5 Nxe5 11. dxe5 Ng4 12. h3 Nh6 13. Bxh6 gxh6 14. Nxd5
Bg5 15. h4 Be7 16. e4 Bg6 17. h5 Bxe4 18. Bxe4 c6 19. Qg4+ Bg5 20. Qf5 cxd5 21.
Qxh7# {Escipio checkmated} 1-0

[Event "ICS rated bullet match"]
[Site "204.178.125.65"]
[Date "2000.06.28"]
[Round "?"]
[White "Hossa"]
[Black "Escipio"]
[Result "1-0"]
[WhiteElo "2509"]
[BlackElo "1349"]
[PlyCount "33"]
[EventDate "2000.??.??"]

1. d4 d5 2. c4 e6 3. Nc3 Nf6 4. Nf3 Nc6 5. cxd5 exd5 6. Bf4 Bb4 7. a3 Bxc3+ 8.
bxc3 O-O 9. Qb1 Be6 10. Qxb7 Ne7 11. Bxc7 Qe8 12. Bd6 Rb8 13. Bxb8 Ne4 14. Bxa7
Qa4 15. Qxe7 Qc2 16. Qb4 Kh8 17. Qxf8# {Escipio checkmated} 1-0

[Event "ICS rated bullet match"]
[Site "204.178.125.65"]
[Date "2000.06.28"]
[Round "?"]
[White "jo"]
[Black "Hossa"]
[Result "0-1"]
[WhiteElo "2249"]
[BlackElo "2509"]
[PlyCount "71"]
[EventDate "2000.??.??"]

1. e4 d5 2. d3 dxe4 3. dxe4 Qxd1+ 4. Kxd1 Nc6 5. Bd3 Bg4+ 6. f3 Bd7 7. Be3
O-O-O 8. Ke2 g6 9. Nd2 Bg7 10. c3 Ne5 11. Bc2 Bh6 12. Bxh6 Bb5+ 13. Ke1 Nxh6
14. Ne2 Rd6 15. Nd4 Rhd8 16. N2b3 Ba4 17. Rd1 Nc4 18. Rb1 Ne3 19. Kf2 Nxc2 20.
Nxc2 Bxb3 21. axb3 Rd2+ 22. Kg3 Rxc2 23. h4 Rdd2 24. h5 Rxg2+ 25. Kf4 g5+ 26.
Ke5 Rxb2 27. Rxb2 Rxb2 28. Rg1 f6+ 29. Ke6 Rxb3 30. Kxe7 Rxc3 31. Kxf6 Rxf3+
32. Kxg5 Nf7+ 33. Kg4 Rf2 34. h6 Nxh6+ 35. Kg5 Nf7+ 36. Kg4 {jo resigns} 0-1

[Event "ICS rated blitz match"]
[Site "204.178.125.65"]
[Date "2000.06.28"]
[Round "?"]
[White "Hossa"]
[Black "weed"]
[Result "0-1"]
[WhiteElo "2418"]
[BlackElo "2639"]
[PlyCount "106"]
[EventDate "2000.??.??"]

1. d4 Nf6 2. Bg5 e6 3. e3 Be7 4. Nf3 h6 5. Bxf6 Bxf6 6. Bd3 c5 7. c3 cxd4 8.
cxd4 d5 9. O-O Nc6 10. Nc3 O-O 11. Rc1 b6 12. Qa4 Bb7 13. a3 a6 14. Qc2 Qd6 15.
Na4 Na5 16. b4 Rfc8 17. Nc5 bxc5 18. dxc5 Qc7 19. bxa5 Qxa5 20. Nd4 Rab8 21. a4
e5 22. Nf5 Bc6 23. Qa2 e4 24. Be2 Rb4 25. Bd1 Rcb8 26. Qe2 g6 27. Nxh6+ Kg7 28.
Ng4 Bb2 29. Rb1 f5 30. Qe1 Qxc5 31. Rxb2 Rxb2 32. Ne5 Be8 33. g4 d4 34. exd4
Qxd4 35. Qa5 Kf6 36. g5+ Ke6 37. Nxg6 Bxg6 38. Qxa6+ Kf7 39. Be2 e3 40. Qc4+
Qxc4 41. Bxc4+ Ke7 42. Bb5 Rh8 43. Re1 f4 44. fxe3 f3 45. Be2 Rxe2 46. Rxe2
fxe2 47. Kf2 Bh5 48. e4 Rf8+ 49. Ke1 Rf1+ 50. Kd2 e1=Q+ 51. Kd3 Be2+ 52. Ke3
Qd1 53. a5 Rf3# {Hossa checkmated} 0-1

[Event "ICS rated bullet match"]
[Site "204.178.125.65"]
[Date "2000.06.28"]
[Round "?"]
[White "Hossa"]
[Black "Menelaus"]
[Result "1-0"]
[WhiteElo "2515"]
[BlackElo "1395"]
[PlyCount "37"]
[EventDate "2000.??.??"]

1. d4 d6 2. Nf3 Bg4 3. e4 Bd7 4. Bd3 c6 5. O-O e6 6. Nc3 h5 7. Qe2 Nf6 8. e5
Ng4 9. h3 a6 10. hxg4 hxg4 11. Ng5 Be7 12. Qxg4 dxe5 13. dxe5 f5 14. exf6 gxf6
15. Bg6+ Kf8 16. Nxe6+ Bxe6 17. Qxe6 Rh1+ 18. Kxh1 Nd7 19. Qf7# {
Menelaus checkmated} 1-0

[Event "ICS rated bullet match"]
[Site "204.178.125.65"]
[Date "2000.06.28"]
[Round "?"]
[White "Menelaus"]
[Black "Hossa"]
[Result "0-1"]
[WhiteElo "1395"]
[BlackElo "2515"]
[PlyCount "34"]
[EventDate "2000.??.??"]

1. d3 e5 2. Bg5 Qxg5 3. Nf3 Qe7 4. e4 Qb4+ 5. c3 Qxb2 6. Nbd2 Qxc3 7. Rc1 Qa5
8. d4 exd4 9. Rc2 Nc6 10. Nxd4 Nxd4 11. a4 Nxc2+ 12. Qxc2 Bb4 13. Be2 Bxd2+ 14.
Kf1 Qc3 15. Qd1 Qc1 16. Bh5 Qxd1+ 17. Bxd1 Nf6 {Menelaus resigns} 0-1

[Event "ICS Rated standard match"]
[Site "204.178.125.65"]
[Date "2000.06.28"]
[Round "?"]
[White "Hossa"]
[Black "PawnShadow"]
[Result "1-0"]
[WhiteElo "2258"]
[BlackElo "2036"]
[PlyCount "51"]
[EventDate "2000.??.??"]

1. d4 Nf6 2. c3 e6 3. e3 d5 4. Bd3 c5 5. Nf3 c4 6. Bc2 Bd6 7. Nbd2 O-O 8. O-O
Nc6 9. e4 dxe4 10. Nxe4 Nxe4 11. Bxe4 Qc7 12. Qc2 f5 13. Bxc6 Qxc6 14. Re1 Bd7
15. Ne5 Bxe5 16. Rxe5 Rf6 17. Bg5 Rg6 18. f4 Qa6 19. h4 Bc6 20. h5 Rxg5 21.
fxg5 Be4 22. Qe2 b5 23. h6 g6 24. a4 bxa4 25. Rc5 Rb8 26. Rxc4 {
PawnShadow resigns} 1-0

[Event "ICS Rated standard match"]
[Site "204.178.125.65"]
[Date "2000.06.28"]
[Round "?"]
[White "QueenMaxima"]
[Black "Hossa"]
[Result "1-0"]
[WhiteElo "2335"]
[BlackElo "2265"]
[PlyCount "61"]
[EventDate "2000.??.??"]

1. e4 d5 2. exd5 Nf6 3. d4 Bg4 4. Nf3 Qxd5 5. Be2 Nc6 6. c4 Qf5 7. O-O O-O-O 8.
Be3 Kb8 9. h3 Bxf3 10. Bxf3 Nb4 11. Qb3 e6 12. Nc3 Be7 13. Rac1 b6 14. Qa4 e5
15. dxe5 Qxe5 16. a3 Bd6 17. Rfd1 Qh2+ 18. Kf1 Nbd5 19. Nxd5 Qh1+ 20. Ke2 Qxd1+
21. Rxd1 Nxd5 22. Rxd5 Kc8 23. Qxa7 h5 24. Re5 Bxe5 25. Bc6 Rd2+ 26. Bxd2 Kd8
27. Bb4 Bd6 28. Bxd6 Re8+ 29. Kd3 Re3+ 30. Kxe3 cxd6 31. Qd7# {Hossa checkmated
} 1-0

[Event "ICS Rated standard match"]
[Site "204.178.125.65"]
[Date "2000.06.28"]
[Round "?"]
[White "muhaha"]
[Black "Hossa"]
[Result "1-0"]
[WhiteElo "2392"]
[BlackElo "2252"]
[PlyCount "179"]
[EventDate "2000.??.??"]

1. d4 Nf6 2. c4 e6 3. Nf3 b6 4. a3 Bb7 5. Nc3 Be7 6. Bg5 O-O 7. e3 c5 8. dxc5
bxc5 9. Bd3 d6 10. O-O Nbd7 11. e4 Ng4 12. Bf4 Nde5 13. Be2 Ng6 14. Bg3 Nf6 15.
Nd2 Ne5 16. Qc2 Nc6 17. Rfd1 Nd4 18. Qd3 Qb6 19. Rab1 Qc6 20. Bf3 Rad8 21. Re1
Ba8 22. Bf4 Nd7 23. Nd5 Bh4 24. g3 Bf6 25. Nxf6+ Nxf6 26. Bg2 Ng4 27. f3 Ne5
28. Qc3 Qb6 29. Be3 a6 30. b4 Qa7 31. a4 Rb8 32. Ra1 Rfe8 33. b5 Bb7 34. Rad1
Ra8 35. Rb1 axb5 36. axb5 Qb6 37. Bf4 Ra2 38. Bxe5 dxe5 39. Kh1 Rea8 40. Red1
R8a3 41. Nb3 Rc2 42. Qd3 Bc8 43. h3 Bb7 44. Rg1 Raa2 45. Rbd1 Qc7 46. Rd2 Rxd2
47. Nxd2 Qd8 48. Rd1 Qg5 49. Nf1 f5 50. Rd2 Ra4 51. Rd1 f4 52. g4 Qh4 53. Rd2
h5 54. gxh5 Qxh5 55. Rd1 Ra2 56. Rd2 Ra7 57. Kg1 Qh4 58. Rf2 Ra1 59. Qc3 Rb1
60. Qa5 Qe7 61. Qa7 Qc7 62. Ra2 Rc1 63. Ra6 Ne2+ 64. Kh2 Qd8 65. Ra2 Nc3 66.
Rf2 Qc8 67. Qa3 Nxe4 68. Qxc1 Nxf2 69. Qd2 e4 70. Qxf2 exf3 71. Bxf3 Bxf3 72.
Qxf3 Qc7 73. Nd2 Qd6 74. Ne4 Qe5 75. h4 Kf7 76. Ng5+ Kf6 77. b6 Qb2+ 78. Kh3
Qe5 79. b7 Ke7 80. Qe4 Qd6 81. Qb1 Qb8 82. Qb6 g6 83. Qxe6+ Kd8 84. Qf7 Qd6 85.
Ne6+ Qxe6+ 86. Qxe6 Kc7 87. Qc8+ Kd6 88. b8=Q+ Ke7 89. Qe5+ Kf7 90. Qce8# {
Hossa checkmated} 1-0

[Event "ICS Rated standard match"]
[Site "204.178.125.65"]
[Date "2000.06.28"]
[Round "?"]
[White "Hossa"]
[Black "Beadle"]
[Result "0-1"]
[WhiteElo "2246"]
[BlackElo "2392"]
[PlyCount "99"]
[EventDate "2000.??.??"]

1. d4 d5 2. c4 e6 3. Nc3 c6 4. e4 dxe4 5. Nxe4 Bb4+ 6. Bd2 Qxd4 7. Bxb4 Qxe4+
8. Be2 Qxg2 9. Qd6 Nd7 10. O-O-O Qxf2 11. Bh5 Qe3+ 12. Kb1 Qe5 13. Be2 Qxd6 14.
Bxd6 Ne7 15. Bd3 f6 16. Nf3 e5 17. Rhe1 Ng6 18. Rg1 Ndf8 19. c5 Be6 20. Be4
O-O-O 21. Rg3 Nd7 22. Bc2 b6 23. cxb6 Nxb6 24. Ka1 Bd5 25. Bb4 Bxf3 26. Rxd8+
Rxd8 27. Rxf3 Rd4 28. Be1 Rf4 29. Rxf4 exf4 30. Bb4 f3 31. Bf5+ Nd7 32. Bc5 a5
33. Bb6 Ne7 34. Bh3 a4 35. Bc5 Kd8 36. Bf2 Ne5 37. Kb1 Nd5 38. Bf5 g6 39. Bh3
Kc7 40. Bg3 Kd6 41. Bc8 f5 42. Ba6 g5 43. Bf1 f4 44. Be1 Ng4 45. h3 Nde3 46.
Ba6 f2 47. Bc3 c5 48. Bd3 c4 49. Bxc4 Nxc4 50. hxg4 {Hossa resigns} 0-1